Statistics for Smallest Populated Countries

Click here to take the quiz!

General Stats

  • This quiz has been taken 117 times
    (113 since last reset)
  • The average score is 18 of 25

Answer Stats

HintArea in sq. milesPopulationAnswer% Correct
Europe0.44920Vatican City
96%
Europe23.5528,880San Marino
95%
Europe180.7079,550Andorra
91%
Europe0.7732,410Monaco
89%
Europe61.7833,720Liechtenstein
87%
Oceania8.1113,050Nauru
87%
North America166.41279,300Barbados
84%
Oceania313.13103,100Kiribati
82%
Oceania10.0411,640Tuvalu
82%
Oceania176.8320,300Palau
81%
Oceania1,136.68177,300Samoa
80%
Oceania69.8859,070Marshall Islands
79%
Oceania288.80112,400Tonga
76%
Oceania271.04108,100Micronesia
75%
North America132.8289,500Grenada
74%
Oceania4,710.441205,800Vanuatu
73%
North America291.1269,030Dominica
66%
North America237.84166,300St. Lucia
65%
Africa175.6881,190Seychelles
60%
North America8,867.22279,500Belize
57%
Europe39,768.51296,700Iceland
47%
North America100.7738,960St. Kitts and Nevis
44%
North America171.0468,720Antigua and Barbuda
42%
North America150.19117,500St. Vincent and the Grenadines
39%
Africa386.49187,400Sao Tome and Principe
38%

Score Distribution

Percentile by Number Answered

Percent of People with Each Score

Your Score History

You have not taken this quiz since the last reset